| 000 | 02643 a2200301 4500 | ||
|---|---|---|---|
| 001 | 26518 | ||
| 005 | 20260407155544.0 | ||
| 008 | 260407a2006 arg spa d | ||
| 003 | AR-UNSa-BCEJYS | ||
| 040 |
_aAR-UNSa-BCEJYS _bspa _cAR-UNSa-BCEJYS |
||
| 080 |
_a658.8 _xOrganización de mercados. Marketing. Ventas. Distribución |
||
| 245 | 1 | 0 | _aDirección de Marketing |
| 250 | _a12a. ed. | ||
| 264 | 1 |
_aMadrid : _bPrentice Hall _c2006 |
|
| 300 |
_axxxix, 729 p. _c27 cm. |
||
| 505 | _aParte I: La dirección de marketing : 1. El marketing en el siglo XXI - 2. Desarrollo de estrategias y planes dde marketing - Parte II: Identificación de las oportunidades de mercado: 3. Recopilación de información y análisis - 4. Investigación de mercados y prónostico de la demanda - Parte III: Relación con clientes o consumidores: 5. Creación de valor para el cliente, satisfacción y lealtad - 6. Análisis de mercados de consumo - 7. Análisis de los mercados industrales - 8. Identificación de segmentos y selección del Parte IV: Creación de marcas fuertes : 9. El brand equity - 10. Estrategias de posicionamiento de marcas - 11. Las relaciones con la competencia - Parte V: La definición de las ofertas de mercado: 12. Desarrollo de la estrategia de producto - 13. Diseño y administración de servicios - 14. Desarrollo de programas y estrategias de precios - Parte VI: La estratega de valor: 15. Diseño y administración de los canales de marketing y de las cadenas de valor - 16. Administración de la venta minorista, de la venta mayorista y de la logística del mercado - Parte VII: La comunicación del valor: 17. Diseño y administración de estrategias para la comunicación integral de marketing - 18. Administración de programas de comunicación masiva: publicidad, promociones de ventas, eventos y relaciones públicas - 19. Administración de programas de comunicacion personal: el marketing directo y la venta personal - Parte VIII: La generación de crecimiento rentable a largo plazo: 20. Lanzamiento de nuevas ofertas de mercado - 21. El lanzamiento de ofertas en mercados extranjeros - 22. La dirección de marketing holístico en la empresa. | ||
| 942 | _cBK | ||
| 590 | _aniveau_biblio:m niveau_hierar:0 | ||
| 100 | 1 | _aKotler, Philip | |
| 700 | 1 | _aKeller, Kevin Lane | |
| 700 | 1 | _aRivera, Clara E. | |
| 700 | 1 | _aDávila Ruiz, Diana | |
| 700 | 1 | _aTena Loeza, Estela | |
| 700 | 1 | _aRamos, María de los Ángeles | |
| 700 | 1 | _aSciarroni, Roberto | |
| 700 | 1 | _aKiassling Davison, Kurt | |
| 856 | 4 | 1 |
_uhttps://biblioeco.unsa.edu.ar/pmb/images/libros/Kotler Keller-l116571.jpg _yImagen de portada _qimage/jpeg |
| 999 |
_c1470 _d1470 |
||